El reino del Revés /

En El reino del Revés se encuentran las canciones más conocidas de María Elena Walsh y otros bellos poemas: Manuelita la tortuga, Marcha de Osías, Canción del jardinero, Twist del Mono Liso, La Reina Batata, El Reino del Revés...Con este libro vas a disfrutar y a cantar desde la primera hasta la últ...

Descripción completa

Guardado en:
Autor Principal: Walsh, María Elena.
Otros Autores: Hilb, Nora; il.
Formato: Libro
Idioma:Undetermined
Publicado: Buenos Aires : Alfaguara, 2013.
Edición:1a ed. 16a reimp.
Series:AlfaWalsh
Materias:
Etiquetas: Agregar Etiqueta
Sin Etiquetas, Sea el primero en etiquetar este registro!
LEADER 01897nam a22002535a 4500
001 CEM.cems024373
008 241119s2013####ag############000#0#und#d
005 20241119143018.0
245 1 0 |a El reino del Revés /  |c María Elena Walsh ; ilustraciones Nora Hilb. 
250 |a 1a ed. 16a reimp. 
260 |a Buenos Aires :  |b Alfaguara,  |c 2013. 
300 |a 90 p. 
490 1 |a AlfaWalsh 
500 |a Datos biográficos de María Elena Walsh p. 89. 
505 0 |a Una calle -- Voy a contar un cuento -- El sol -- Twist del mono Liso -- El tranvía -- La rana perdida -- Una nena -- Canción para vestirse -- El reino del revés -- Canción de bañar la luna -- La viborita -- Don Enrique del Meñique -- El mar -- Canción de la vacuna -- En una cajita de fósforos -- Canción del jacarandá -- En el país de Nomeacuerdo -- Canción del jardinero -- La calle del gato que pesca -- Canción de Titina -- Un rey -- Canción del estornudo -- Patatín y Patatán -- Manuelita la tortuga -- Cocodrilo -- Chacarera de los gatos -- El show de perro salchicha -- Canción de tomar el té -- Baguala de Juan Poquito -- El cisne que ladra -- Marcha de Osías -- El adivinador -- La reina batata -- Canción del correo -- Zamba del niñito -- Tralalá de nochebuena -- Coplas para navidad 
520 |a En El reino del Revés se encuentran las canciones más conocidas de María Elena Walsh y otros bellos poemas: Manuelita la tortuga, Marcha de Osías, Canción del jardinero, Twist del Mono Liso, La Reina Batata, El Reino del Revés...Con este libro vas a disfrutar y a cantar desde la primera hasta la última página. 
020 |a 9789505116362 
100 1 |a Walsh, María Elena. 
700 1 |a Hilb, Nora; il. 
082 0 4 |a A861.4 
653 |a Literatura infantil 
653 |a Literatura argentina 
653 |a Poesía infantil 
859 |a CEMS  |b BIB. CEMS - Inicial y Primaria  |h A861.4  |i W168-2  |k IP  |p 4062  |t Ej.1